Library of the University of Algiers 3
Ibrahim Sultan Cheibout
شعار جامعة الجزائر 3
مكتبة جامعة الجزائر 3
إبراهيم سلطان شيبوط

English fore economic and business USE / (رقم التسجيلة. 41498)

تفاصيل مارك
000 -LEADER
fixed length control field 02266nam a2200217Ia 4500
003 - CONTROL NUMBER IDENTIFIER
control field Ost
005 - DATE AND TIME OF LATEST TRANSACTION
control field 20260426125804.0
008 - FIXED-LENGTH DATA ELEMENTS--GENERAL INFORMATION
fixed length control field 260426s9999||||xx |||||||||||||| ||und||
040 ## - CATALOGING SOURCE
Transcribing agency fsecg
041 ## - LANGUAGE CODE
Language code of text/sound track or separate title eng
082 ## - DEWEY DECIMAL CLASSIFICATION NUMBER
Classification number 330
100 ## - MAIN ENTRY--PERSONAL NAME
Personal name El-Moffock, Nabila
Relator term Author
245 #0 - TITLE STATEMENT
Title English fore economic and business USE /
Statement of responsibility, etc. Nabila El-Moffock
260 ## - PUBLICATION, DISTRIBUTION, ETC.
Place of publication, distribution, etc. Algiers :
Name of publisher, distributor, etc. University of Algiers 3 Faculty of Economics Commercial Sciences and Management,
Date of publication, distribution, etc. 2021
300 ## - PHYSICAL DESCRIPTION
Extent 112 paper,
Dimensions 30 cm
504 ## - BIBLIOGRAPHY, ETC. NOTE
Bibliography, etc. note bibliography paper 109
520 ## - SUMMARY, ETC.
Summary, etc. This modest contribution for the benefit of first year students of the Faculty of Economics, Commercial and Management Sciences - University of Algiers 3- which is also a course support for lecturers, which will allow students to better grasp the meaning of certain fundamental notions related to economics and business in general. However, it remains insufficient, as economics is more complex and vast to be summarized in few lectures. We have adopted a simple style with adherence to the official program in order to remain objective and to offer a harmonious, well-structured and useful paper from a scientific and pedagogical point of view. In our first courses, we have studied the purpose of economics, which is none other than the satisfaction of unlimited wants with scarce resources. However, it is also important to gain some mastery of economic concepts (supply and demand, the structure of the market, production, the business cycle, economic growth and indicators…etc) in order to better analyze and understand the economic phenomena that we experience on a daily basis. In addition, we have dealt with texts related to management, marketing, accounting, banking and recruitment which help students get general concepts in each specialty. In the future, we plan to conduct an opinion survey among the students regarding this coursebook in order to enrich and update it, as well as to work on another detailed and oriented one for each specialty taught at the Faculty of Economics, Commercial and Management Sciences of University of Algiers 3.
653 ## - INDEX TERM--UNCONTROLLED
Uncontrolled term Business
710 ## - ADDED ENTRY--CORPORATE NAME
Corporate name or jurisdiction name as entry element University of Algiers 3 Faculty of Economics Commercial Sciences and Management
Relator term Scientific publisher
942 ## - ADDED ENTRY ELEMENTS (KOHA)
Koha item type مطبوعات
المقتنيات
Withdrawn status Lost status Source of classification or shelving scheme Damaged status Not for loan Home library Current library Date acquired Serial enumeration / chronology Inventory number Total checkouts Full call number Barcode Date last seen Price effective from Koha item type
    Dewey Decimal Classification   NOT LOAN / إعارة داخلية مكتبة كلية العلوم الإقتصادية والعلوم التجارية وعلوم التسيير مكتبة كلية العلوم الإقتصادية والعلوم التجارية وعلوم التسيير 26/04/2026 Second floor Po.425-1   Po.425 exp1 Po.425-1 26/04/2026 26/04/2026 مطبوعات

موارد الويب المفتوحة


© University of Algiers 3 All Rights Reserved
|
Implemented by LECHELAH Riad